| 000 | 00546nam a22001817a 4500 | ||
|---|---|---|---|
| 999 |
_c158131 _d158131 |
||
| 005 | 20181017151557.0 | ||
| 010 | _aB-121693 | ||
| 020 |
_a8178901072 _c400.00 |
||
| 035 | _aB-121693 | ||
| 037 | _bIVY publishing house | ||
| 082 | _a370.118 | ||
| 100 | _aAsch, M. | ||
| 245 |
_aCreativity and learning strategies/ _cby M. asch |
||
| 260 |
_aDelhi _bIVY publishing house _c2004 |
||
| 300 |
_a192 p. _c22 c.m. (Hb) |
||
| 942 |
_2ddc _cEN _h370.118 _mAsc |
||